All quiet on the western front
Salvato in:
| Autore principale: | |
|---|---|
| Natura: | Libro |
| Lingua: | Undetermined |
| Pubblicazione: |
Londres, Inglaterra
Triad Granada
1982
|
| Soggetti: | |
| Tags: |
Aggiungi Tag
Nessun Tag, puoi essere il primo ad aggiungerne!!
|
MARC
| LEADER | 00000nam a2200000Ia 4500 | ||
|---|---|---|---|
| 008 | 170316s9999 xx 000 0 und d | ||
| 040 | |a cru BVZT | ||
| 090 | |a 830 R-1a | ||
| 100 | |a Remarque, Erick Maria | ||
| 245 | |a All quiet on the western front | ||
| 260 | |a Londres, Inglaterra | ||
| 260 | |b Triad Granada | ||
| 260 | |c 1982 | ||
| 300 | |a 192 páginas | ||
| 650 | |a LITERATURA ALEMANA | ||
| 999 | |c 7416 |d 7416 | ||
| 942 | |c 15 D |h 830 R-1a |2 z | ||
